000 02378nam a22003617a 4500
001 102469
003 KnowledgeUnlatched
005 20210303105240.0
006 m o d
007 cr u||||||||||
008 210129p20102019enk o u00| u eng d
037 _5BiblioBoard
245 0 0 _aChemical Oxidation Applications for Industrial Wastewaters
_cIsik Kabdasli, Olcay Tunay.
020 _a9781843393078
029 1 _ahttps://library.biblioboard.com/ext/api/media/da86528c-0326-4652-8b8b-972639f299b8/assets/thumbnail.jpg
040 _aScCtBLL
_cScCtBLL
100 1 _aKabdasli, Isik
_eauthor.
506 0 _aAccess copy available to the general public.
_fUnrestricted
_2star
700 1 _aTunay, Olcay
_eauthor.
264 1 _bIWA Publishing,
300 _a1 online resource (360 p.)
520 _aThis book covers the most recent scientific and technological developments in the field of chemical oxidation processes applicable for the efficient treatment of biologically-difficult-to-degrade, toxic and/or recalcitrant effluents originating from different manufacturing processes. It is a comprehensive review of process and pollution profiles as well as conventional, advanced and emerging treatment processes & technologies developed for the most relevant and pollution (wet processing)-intensive industrial sectors. It addresses chemical/photochemical oxidative treatment processes, case-specific treatability problems of major industrial sectors, emerging (novel) as well as pilot/full-scale applications, process integration, treatment system design & sizing criteria (figure-of-merits), cost evaluation and success stories in the application of chemical oxidative treatment processes.
588 0 _aDescription based on print version record.
590 _aKU Select 2018: STEM Backlist Books
650 7 _aScience / Environmental Science (see Also Chemistry / Environmental)
_2bisacsh
650 0 _aScience
655 0 _aElectronic books.
758 _iIs found in:
_aKnowledge Unlatched
_1https://openresearchlibrary.org/module/2774bc74-146a-484f-a7ba-ab1d6a09bbfb
856 4 0 _uhttps://openresearchlibrary.org/content/da86528c-0326-4652-8b8b-972639f299b8
_zView this content on Open Research Library.
_70
999 _c33975
_d33975